000
00343nam a2200133Ia 4500
008
230411s9999 xx 000 0 und d
041
_a
eng
082
_a
AN/610.736 8/MOM/B08941
100
_a
Momin S
245
_a
Prasutishastra V Kala
260
_b
Sirajo Shafi Publication
_a
Kolhapur
_c
2004
300
_a
382p
999
_c
158331
_d
158331